Бухгалтерский управленческий учет: учебник

Podrobná bibliografie
Hlavní autor: Керимов В. Э. Вагиф Эльдар оглы
Shrnutí:В учебнике изложены теоретические основы и практические аспекты организации управленческого учета в коммерческих организациях. Показаны сущность, роль, значение и место управленческого учета в общей системе управления предприятием, его составные части, основные объекты, методы и способы ведения. Значительное место уделено классификации и поведению затрат, системе бюджетирования и внутрихозяйственной отчетности, организации учета по центрам ответственности. На условных примерах рассмотрена методика CVP-анализа для принятия эффективных управленческих решений. Каждая глава учебника завершается вопросами для самопроверки. Для студентов вузов, обучающихся по экономическим специальностям, а также преподавателей, аспирантов, профессиональных бухгалтеров и менеджеров.
Jazyk:ruština
Vydáno: Москва, Дашков и К, 2009
Vydání:7-е изд., изм. и доп.
Témata:
Médium: Kniha
KOHA link:https://koha.lib.tpu.ru/cgi-bin/koha/opac-detail.pl?biblionumber=136573

MARC

LEADER 00000nam0a2200000 4500
001 136573
005 20231101220628.0
010 |a 9785394001581 
035 |a (RuTPU)RU\TPU\book\148018 
035 |a RU\TPU\book\121392 
035 |a RU\TPU\book\148319 
090 |a 136573 
100 |a 20070326d2009 m y0rusy50 ca 
101 0 |a rus 
102 |a RU 
105 |a y j 001zy 
200 1 |a Бухгалтерский управленческий учет  |e учебник  |f В. Э. Керимов 
205 |a 7-е изд., изм. и доп. 
210 |a Москва  |c Дашков и К  |d 2009 
215 |a 478 с. 
320 |a Библиогр.: с. 460-463. 
330 |a В учебнике изложены теоретические основы и практические аспекты организации управленческого учета в коммерческих организациях. Показаны сущность, роль, значение и место управленческого учета в общей системе управления предприятием, его составные части, основные объекты, методы и способы ведения. Значительное место уделено классификации и поведению затрат, системе бюджетирования и внутрихозяйственной отчетности, организации учета по центрам ответственности. На условных примерах рассмотрена методика CVP-анализа для принятия эффективных управленческих решений. Каждая глава учебника завершается вопросами для самопроверки. Для студентов вузов, обучающихся по экономическим специальностям, а также преподавателей, аспирантов, профессиональных бухгалтеров и менеджеров. 
451 1 |0 (RuTPU)RU\TPU\book\148319  |y 978-5-91131-663-1  |t Бухгалтерский управленческий учет  |o учебник  |f В. Э. Керимов  |e 6-е изд., изм. и доп.  |c М.  |n Дашков и К  |d 2008  |p 478 с.  |a Керимов, Вагиф Эльдар оглы 
606 1 |a Бухгалтерский учет  |2 stltpush  |3 (RuTPU)RU\TPU\subj\30744  |9 53805 
610 1 |a экономика 
610 1 |a управленческий учет 
610 1 |a затраты 
610 1 |a доходы 
610 1 |a бюджетирование 
610 1 |a снабженческо-заготовительная деятельность 
610 1 |a производственная деятельность 
610 1 |a коммерческая деятельность 
610 1 |a сбытовая деятельность 
610 1 |a управленческие решения 
610 1 |a стандарт-кост 
610 1 |a директ-костинг 
610 1 |a организация 
610 1 |a зарубежный опыт 
610 1 |a система ЛТ 
610 1 |a система АВС 
610 1 |a учебники 
675 |a 657.22(075.8)  |v 3 
700 1 |a Керимов  |b В. Э.  |g Вагиф Эльдар оглы 
801 1 |a RU  |b 63413507  |c 20080424  |g PSBO 
801 2 |a RU  |b 63413507  |c 20210224  |g PSBO 
900 |a Бухгалтерский управленческий учет 
942 |c BK 
952 |b 080105  |b 080109  |b 080102  |b 080107 
959 |a 54/20090422  |d 2  |e 220,00  |f АНЛ:1  |f ЧЗГЛ:1